<?xml version="1.0" encoding="UTF-8"?>
<record
    xmlns:xsi="http://www.w3.org/2001/XMLSchema-instance"
    xsi:schemaLocation="http://www.loc.gov/MARC21/slim http://www.loc.gov/standards/marcxml/schema/MARC21slim.xsd"
    xmlns="http://www.loc.gov/MARC21/slim">

  <leader>01122nam a22001337a 4500</leader>
  <datafield tag="999" ind1=" " ind2=" ">
    <subfield code="c">532524</subfield>
    <subfield code="d">532524</subfield>
  </datafield>
  <controlfield tag="008">260213b           ||||| |||| 00| 0 eng d</controlfield>
  <datafield tag="100" ind1=" " ind2=" ">
    <subfield code="a">Mukhia, Anmol </subfield>
    <subfield code="9">58909</subfield>
  </datafield>
  <datafield tag="245" ind1=" " ind2=" ">
    <subfield code="a">Connectivity through a small corridor: New integrated check post in Assam to assist India&#x2013;Bhutan relations</subfield>
  </datafield>
  <datafield tag="260" ind1=" " ind2=" ">
    <subfield code="a">Indian Journal of Public Administration  </subfield>
  </datafield>
  <datafield tag="300" ind1=" " ind2=" ">
    <subfield code="b">71(4), Dec, 2025: p.846-848</subfield>
  </datafield>
  <datafield tag="520" ind1=" " ind2=" ">
    <subfield code="a">Indian Journal of Public AdministrationAnalysis of democracy in India becomes meaningful when it is seen from an election perspective, as it reflects the degree of trust of the electorate in a particular form of leadership, governance and political philosophy amidst an array of choices in a multiparty representative parliamentary system. Presently, given the debate over Special Intensive Review (SIR) outlined by the Election Commission of India (ECI) for the entire country, it is important to explore the structure and agency involved in this complex overlapping relationship between election and democracy in contemporary India.- Reproduced 


</subfield>
  </datafield>
  <datafield tag="773" ind1=" " ind2=" ">
    <subfield code="a">Indian Journal of Public Administration  </subfield>
  </datafield>
  <datafield tag="942" ind1=" " ind2=" ">
    <subfield code="c">AR</subfield>
  </datafield>
  <datafield tag="952" ind1=" " ind2=" ">
    <subfield code="0">0</subfield>
    <subfield code="1">0</subfield>
    <subfield code="2">ddc</subfield>
    <subfield code="4">0</subfield>
    <subfield code="7">0</subfield>
    <subfield code="9">407713</subfield>
    <subfield code="a">IIPA</subfield>
    <subfield code="b">IIPA</subfield>
    <subfield code="d">2026-02-13</subfield>
    <subfield code="h">71(4), Dec, 2025: p.846-848</subfield>
    <subfield code="p">AR138111</subfield>
    <subfield code="r">2026-02-13</subfield>
    <subfield code="y">AR</subfield>
  </datafield>
</record>
